<?xml version="1.0" encoding="UTF-8"?>
<collection xmlns="http://www.loc.gov/MARC21/slim">
    <record>
        <controlfield tag="001">8869</controlfield>
        <controlfield tag="005">20170831220414.0</controlfield>
        <datafield tag="037" ind1=" " ind2=" ">
            <subfield code="a">TAZ-TFM-2012-733</subfield>
        </datafield>
        <datafield tag="041" ind1=" " ind2=" ">
            <subfield code="a">spa</subfield>
        </datafield>
        <datafield tag="100" ind1="1" ind2=" ">
            <subfield code="a">Rodríguez Luis, Daniel</subfield>
        </datafield>
        <datafield tag="245" ind1="0" ind2="0">
            <subfield code="a">Vectores Minimales y Subespacios Invariantes</subfield>
        </datafield>
        <datafield tag="260" ind1=" " ind2=" ">
            <subfield code="a">Zaragoza</subfield>
            <subfield code="b">Universidad de Zaragoza</subfield>
            <subfield code="c">2012</subfield>
        </datafield>
        <datafield tag="506" ind1=" " ind2=" ">
            <subfield code="a">by-nc-sa</subfield>
            <subfield code="b">Creative Commons</subfield>
            <subfield code="c">3.0</subfield>
            <subfield code="u">http://creativecommons.org/licenses/by-nc-sa/3.0/</subfield>
        </datafield>
        <datafield tag="520" ind1=" " ind2=" ">
            <subfield code="a">En 1996, P.Enflo introdujo el concepto de vectores extremales y un nuevo método para probar la existencia de subespacios invariantes no triviales para operadores compactos y operadores normales de forma unificada. En esta línea, si $\mathcal{H}$ denota un espacio de Hilbert, $T$ un operadore lineal y continuo en $\mathcal{H}$ inyectivo y de rango denso, y fijamos $x\in\mathcal{H}$, $x\neq0$ y $varepsilon\in(0,\Vert x_0\vert)$, se verifica que para cada entero positivo $n$ existe un único vector $y_n$ de norma mínima en el conjunto $\{y\in\mathcal{H}:\Vert T^ny-x\Vert\leq\varepsilon\}$. Los vectores $y_n$ se denominan \textbf{vectores extremales o vectores minimales}. El objetivo de este Trabajo de Fin de Máster ha sido estudiar el comportamiento de los vectores minimales para ciertas clases de operadores. En particular, el trabajo ``Extremal vectors and invariant subspaces" (Transactions of American Mathematical Society 350  (1998), no. 2, 539–558), donde Ansari y Enflo demuestran que el método funciona en casos aparentemente no relacionados: operadores normales y operadores compactos cuasinilpotentes. Asímismo, en ``Some results on extremal vectors and invariant subspaces" (Proceedings of American Mathemathical Society 131 (2003), no. 2, 379–387), donde Enflo y Höim investigan las conexiones entre los distintos parámetros asociados con los vectores minimales. Y en ``Convergence properties of minimal vectors for normal operators and weighted shifts" (Proceedings of American Mathemathical Society 133, (2004), no. 2, 501-510), donde Chalendar y Partington estudian el comportamiento de la sucesión de vectores minimales asociada a ciertas clases de operadores en espacios $L^p$ reflexivos, incluyendo operadores de multiplicación y operadores de desplazamiento bilateral con peso.</subfield>
        </datafield>
        <datafield tag="521" ind1=" " ind2=" ">
            <subfield code="a">Máster Universitario en Iniciación a la Investigación en Matemáticas</subfield>
        </datafield>
        <datafield tag="540" ind1=" " ind2=" ">
            <subfield code="a">Derechos regulados por licencia Creative Commons</subfield>
        </datafield>
        <datafield tag="653" ind1="1" ind2=" ">
            <subfield code="a">vectores minimales</subfield>
        </datafield>
        <datafield tag="653" ind1="1" ind2=" ">
            <subfield code="a">subespacios invariantes</subfield>
        </datafield>
        <datafield tag="700" ind1=" " ind2=" ">
            <subfield code="a">Gallardo Gutiérrez, Eva A.</subfield>
            <subfield code="e">dir.</subfield>
        </datafield>
        <datafield tag="710" ind1="2" ind2=" ">
            <subfield code="a">Universidad de Zaragoza</subfield>
            <subfield code="b">Matemáticas</subfield>
            <subfield code="c">Análisis Matemático</subfield>
        </datafield>
        <datafield tag="720" ind1="2" ind2=" ">
            <subfield code="a">Gallardo Gutiérrez, Eva A.</subfield>
            <subfield code="e">ponente</subfield>
        </datafield>
        <datafield tag="856" ind1="0" ind2=" ">
            <subfield code="f">663109@celes.unizar.es</subfield>
        </datafield>
        <datafield tag="856" ind1="4" ind2=" ">
            <subfield code="s">824497</subfield>
            <subfield code="u">http://zaguan.unizar.es/record/8869/files/TAZ-TFM-2012-733.pdf</subfield>
            <subfield code="y">Memoria (spa)</subfield>
        </datafield>
        <datafield tag="909" ind1="C" ind2="O">
            <subfield code="o">oai:zaguan.unizar.es:8869</subfield>
            <subfield code="p">trabajos-fin-master</subfield>
            <subfield code="p">driver</subfield>
        </datafield>
        <datafield tag="950" ind1=" " ind2=" ">
            <subfield code="a"></subfield>
        </datafield>
        <datafield tag="980" ind1=" " ind2=" ">
            <subfield code="a">TAZ</subfield>
            <subfield code="b">TFM</subfield>
            <subfield code="c">CIEN</subfield>
        </datafield>
    </record>

    
</collection>